| 000 | 00440nam a22001817a 4500 | ||
|---|---|---|---|
| 003 | NUST | ||
| 008 | 211123b ||||| |||| 00| 0 eng d | ||
| 020 | _a9789350140840 | ||
| 038 | _akhadija | ||
| 082 |
_a658.15 _bSRI |
||
| 100 |
_aSrivastava, Smriti. _984971 |
||
| 245 | _aEngineering Economics/ | ||
| 260 |
_aNew Delhi: _bS.K. Kataria, _c2010. |
||
| 300 |
_a234p. ; _b18 cm. |
||
| 500 | _aPaperback. | ||
| 563 | _aPB | ||
| 942 |
_cBK _2ddc |
||
| 999 |
_c32683 _d32683 |
||